Vybrané otázky práva mezinárodního obchodu

Salvato in:
Dettagli Bibliografici
Autore principale: Švarc, Zbyněk
Natura: Libro
Lingua:ceco
Pubblicazione: Praha VŠE - Fakulta mezinárodních vztahů 1996
Soggetti:
Tags: Aggiungi Tag
Nessun Tag, puoi essere il primo ad aggiungerne!!

MARC

LEADER 00000nam a2200000 4500
001 c103168
005 20221123124042.5
020 |a 80-7079-882-3 
041 0 |a cze 
044 |a CZ 
245 1 0 |a Vybrané otázky práva mezinárodního obchodu  |c Zbyněk Švarc 
264 1 |a Praha  |b VŠE - Fakulta mezinárodních vztahů  |c 1996 
300 |a 252 s. 
610 2 0 |a právo 
610 2 0 |a právo medzinárodné 
610 2 0 |a obchod medzinárodný 
610 2 0 |a vzťahy právne 
610 2 0 |a právo vlastnícke 
610 2 0 |a zmluvy 
610 2 0 |a zmluvy medzinárodné 
610 2 0 |a zmluvy kúpne 
610 2 0 |a zmluvy poistné 
610 2 0 |a zmluvy nájomné 
610 2 0 |a zmluvy o dielo 
610 2 0 |a zmluvy komisionárske 
610 2 0 |a zmluvy obchodné 
610 2 0 |a náhrada škody 
610 2 0 |a premlčanie 
610 2 0 |a ochrana právna 
610 2 0 |a súdy 
100 1 |a Švarc, Zbyněk